000 00479nam a22001817a 4500
003 LK-CoDNM
005 20250127115556.0
008 250127b |||||||| |||| 00| 0 eng d
040 _aLK-CoDNM
_dLK-CoDNM
_eLK-CoDNM
041 _aeng
080 _a13
_bI2.1
100 _aUnknown
245 _aThe second international exhibition of eugenics
260 _aBaltimore
_bWilliams and Williams Company
_c1923
300 _a155p. : ill ; 23 cm
650 _aPeople
942 _cBK
999 _c237447
_d237447